[Event "Airthings Masters Preliminary"]
[Site "Online"]
[Date "2020.12.23"]
[Round "4.2"]
[White "Aronian, Levon"]
[Black "Nakamura, Hikaru"]
[Result "1/2-1/2"]
[WhiteElo "2781"]
[BlackElo "2736"]
[Annotator "TA"]
[PlyCount "69"]
[EventDate "2020.12.26"]
[EventType "tourn"]
[EventCountry "NET"]
[SourceTitle "playchess.com"]
[Source "ChessBase"]
[SourceQuality "1"]

{[%evp 9,69,43,43,41,47,33,38,49,44,37,50,29,30,24,28,28,49,0,6,-16,-19,-10,-18,-6,-12,-30,-26,-35,-32,-40,-41,-45,-41,-43,-26,-25,-36,-14,-9,-9,-9,-9,-9,-9,-7,-8,-8,-10,-10,-10,-10,-10,0,-5,0,-10,0,-5,0,-10,0,-5]} 1. e4 e5 2. Nf3 Nc6 3. Bb5 a6 (3... Nf6 4. O-O Nxe4 5. Re1 Nd6 6. Nxe5 Be7 7. Bf1 Nxe5 8. Rxe5 O-O 9. d4 Ne8 10. Re1 d5 11. Bf4 Bd6 12. Bxd6 Nxd6 13. Bd3 Bf5 14. Bxf5 Nxf5 15. c3 Re8 16. Nd2 c6 17. Rxe8+ Qxe8 18. Nf3 f6 19. Qc2 {½-½ (33) Aronian,L (2781)-Nakamura,H (2736) chess24.com INT 2020}) 4. Ba4 g6 5. c3 Bg7 6. d4 {C70: Ruy Lopez: 3...a6 4 Ba4, Norwegian and Delayed Schliemann.} b5 7. Bc2 {seems to push 7.Bb3 aside.} exd4 8. cxd4 {White is slightly better.} d5 9. exd5 Nce7 10. Nc3 Nf6 11. Bg5 O-O 12. O-O Nexd5 {[#]} 13. a4 $146 ({Predecessor:} 13. Be4 Be6 14. Ne5 Rc8 15. Qf3 c6 16. Rac1 Qd6 17. Nxd5 Nxd5 18. Bh4 Nb4 19. Qa3 Qxd4 20. Nxc6 Nxc6 {0-1 (20) Shirov,A (2662)-Nakamura,H (2736) Chess.com INT 2020}) 13... Bb7 14. axb5 Nxc3 15. bxc3 axb5 16. Rb1 Ra3 17. Rb3 Qa8 18. Re1 ({Much weaker is} 18. Rxb5 Ba6 $17) 18... Bd5 19. Rxa3 Qxa3 20. Qd2 Bxf3 21. gxf3 Nd5 22. Rb1 Qxc3 23. Be4 c6 {The position is equal.} (23... Qxd2 {seems wilder.} 24. Bxd2 Ne7 25. Rxb5 Bxd4 26. Bf4 c6) 24. Bxd5 Qxd2 25. Bxd2 cxd5 26. Rxb5 Bxd4 27. Rxd5 $11 {[%mdl 4096] Endgame KRB-KRB} Bf6 28. Bg5 Bxg5 29. Rxg5 {KR-KR} Ra8 30. Rd5 Rf8 31. Kg2 Ra8 32. Rd4 Rf8 33. Rd5 Ra8 34. Rd4 Rf8 35. Rd5 {Weighted Error Value: White=0.06/Black=0.04} 1/2-1/2

[Event "Airthings Masters Preliminary"]
[Site "Online"]
[Date "2020.12.23"]
[Round "4.3"]
[White "So, Wesley"]
[Black "Grischuk, Alexander"]
[Result "1/2-1/2"]
[WhiteElo "2770"]
[BlackElo "2777"]
[Annotator "TA"]
[PlyCount "75"]
[EventDate "2020.12.26"]
[EventType "tourn"]
[EventCountry "NET"]
[SourceTitle "playchess.com"]
[Source "ChessBase"]
[SourceQuality "1"]

{[%evp 21,75,18,21,18,22,19,19,19,15,15,16,25,18,16,26,16,11,14,18,10,14,8,7,13,21,0,0,0,0,0,0,0,0,0,0,0,0,0,0,0,0,-4,-4,-4,0,0,0,0,0,0,0,0,0,0,0,0]} 1. e4 e5 2. Nf3 Nf6 3. Nxe5 d6 4. Nf3 Nxe4 5. d4 d5 6. Bd3 Bd6 7. O-O O-O 8. c4 c6 9. Nc3 Nxc3 10. bxc3 dxc4 11. Bxc4 Bf5 12. Bg5 {C42: Petroff Defence: 3 Nxe5 and unusual White 3rd moves.} Qa5 13. Nh4 Be6 14. Bxe6 {[#] Bf5 is the strong threat.} Qxg5 15. Nf3 Qa5 16. Bb3 Nd7 17. Qd3 Nf6 18. Rfe1 Rae8 {The position is equal.} 19. g3 g6 {[#]} 20. h4 $146 ({Predecessor:} 20. Kg2 Kg7 21. h4 h6 22. Nd2 Qd8 23. Qf3 Bc7 24. Rxe8 Qxe8 25. Rb1 Qe7 26. Bd1 {½-½ (41) Ochsner,B (2491)-Papp,G (2589) Denmark 2020}) 20... Kg7 21. Ng5 Qd8 22. Kg2 h6 23. Ne4 Nxe4 24. Rxe4 Rxe4 25. Qxe4 Re8 26. Qf3 Qf6 27. Qxf6+ Kxf6 $11 {[%mdl 4096] Endgame KRB-KRB} 28. Kf1 h5 29. Re1 Rxe1+ 30. Kxe1 {KB-KB} c5 31. dxc5 Bxc5 32. a4 a5 33. Ke2 b6 34. Bc4 Bd6 35. Bb5 Bc5 36. Bc4 Bd6 37. Bb5 Bc5 38. Bc4 {An uneventful encounter.  Weighted Error Value: White=0.02/Black=0.01} 1/2-1/2

[Event "Airthings Masters Preliminary"]
[Site "Online"]
[Date "2020.12.23"]
[Round "4.4"]
[White "Radjabov, Teimour"]
[Black "Giri, Anish"]
[Result "1/2-1/2"]
[WhiteElo "2765"]
[BlackElo "2764"]
[Annotator "TA"]
[PlyCount "72"]
[EventDate "2020.12.26"]
[EventType "tourn"]
[EventCountry "NET"]
[SourceTitle "playchess.com"]
[Source "ChessBase"]
[SourceQuality "1"]

{[%evp 14,72,10,10,10,10,10,3,10,13,26,6,13,7,21,0,0,0,0,0,0,0,0,-8,0,-17,0,0,0,-4,0,0,0,7,6,0,5,0,0,0,0,0,0,0,1,0,24,16,31,26,26,28,25,6,26,22,21,12,23,0,16]} 1. d4 Nf6 2. c4 e6 3. Nf3 d5 4. Nc3 Bb4 5. Bg5 h6 6. Bxf6 Qxf6 7. Qa4+ (7. e3 O-O 8. Rc1 dxc4 9. Bxc4 c5 10. O-O cxd4 11. Nxd4 Bd7 12. Ne4 Qe7 13. a3 Ba5 14. Nf3 Bc6 15. Qc2 Nd7 16. Nd4 Bxe4 17. Qxe4 Nf6 18. Qb1 Rfd8 19. Rfd1 Bb6 20. Nf3 Rxd1+ 21. Rxd1 Rd8 22. g3 Rxd1+ 23. Qxd1 {½-½ (40) Radjabov,T (2765)-Giri,A (2764) chess24.com INT 2020}) 7... Nc6 8. e3 O-O {D38: Queen's Gambit Declined: Ragozin Defence (4 Nf3 Bb4).} 9. Be2 dxc4 10. O-O Bd7 11. Bxc4 Bxc3 12. bxc3 Rfd8 {Black wants to play ...Nxd4.} 13. Qa3 Qe7 14. Qb2 Na5 15. Be2 c5 16. Ne5 {[#]} Be8 $146 ({Predecessor:} 16... Rac8 17. Nxd7 Rxd7 18. Rfd1 cxd4 19. cxd4 Rdc7 20. Rac1 Nc4 21. Qb3 Nd6 22. Rxc7 Qxc7 {½-½ (102) Sjugirov,S (2657)-Dominguez Perez,L (2762) Budva 2019}) 17. Rfd1 Rac8 18. h3 Rc7 19. Bf1 cxd4 (19... b6 {seems wilder.} 20. Rdc1 Kh8 21. Bd3 Nc6 22. Nf3 e5) 20. cxd4 Rdc8 21. Rac1 Rxc1 22. Rxc1 Rxc1 23. Qxc1 Nc6 24. Nd3 Qd6 25. Qc3 b6 26. Be2 Ne7 27. Ne5 f6 28. Nd3 Kf8 29. Nf4 Bd7 30. Qc2 {[#] Threatens to win with Qh7.} e5 31. dxe5 fxe5 32. Nd3 Bf5 33. Qc3 Nc6 34. a3 Bg6 35. Nb4 Ne7 36. Nd3 Nc6 {Not much happened in this game.  Weighted Error Value: White=0.05/Black=0.04} 1/2-1/2

[Event "Airthings Masters Preliminary"]
[Site "Online"]
[Date "2020.12.23"]
[Round "4.5"]
[White "Harikrishna, Pentala"]
[Black "Carlsen, Magnus"]
[Result "1/2-1/2"]
[WhiteElo "2732"]
[BlackElo "2862"]
[Annotator "TA"]
[PlyCount "48"]
[EventDate "2020.12.26"]
[EventType "tourn"]
[EventCountry "NET"]
[SourceTitle "playchess.com"]
[Source "ChessBase"]
[SourceQuality "1"]

{[%evp 23,48,10,0,0,0,0,0,0,16,14,34,21,40,45,63,39,31,0,0,0,0,0,0,0,7,0,0]} 1. e4 c5 2. Nf3 Nc6 3. d4 cxd4 4. Nxd4 Nf6 5. Nc3 e5 6. Ndb5 d6 7. Bg5 a6 8. Na3 b5 9. Nd5 Be7 10. Bxf6 Bxf6 11. c4 b4 12. Nc2 a5 13. g3 {B33: Sicilian: Pelikan and Sveshnikov Variations.} g6 14. Nxf6+ Qxf6 15. Bg2 O-O 16. O-O Qe7 $5 {[%mdl 4] Leaves trodden paths.} (16... Bb7 17. Qd2 Nb8 18. Rfd1 Ra6 19. Qe3 Nd7 20. a3 Rb6 21. axb4 axb4 22. Ra4 b3 23. Ne1 Nc5 24. Ra3 Ra6 25. Rxa6 Bxa6 {0-1 (85) Harikrishna,P (2719)-Carlsen,M (2863) chess24.com INT 2020}) 17. b3 Be6 18. Qd2 {[#]} f6 $146 ({Predecessor:} 18... Rfd8 19. Rad1 f6 20. h4 Kg7 21. Kh2 h6 22. Bh3 Bxh3 23. Kxh3 f5 24. exf5 gxf5 {½-½ (35) Grigoriants,S (2541)-Lenic,L (2645) chess.com INT 2019}) 19. Rfd1 Rfd8 20. Qe3 Qa7 {The position is equal.} 21. Qh6 Qg7 22. Qe3 Qa7 23. Qh6 Qg7 24. Qe3 Qa7 {Weighted Error Value: White=0.06/Black=0.06} 1/2-1/2

[Event "Airthings Masters Preliminary"]
[Site "Online"]
[Date "2020.12.23"]
[Round "4.6"]
[White "Dubov, Daniil"]
[Black "Anton Guijarro, David"]
[Result "1-0"]
[WhiteElo "2699"]
[BlackElo "2675"]
[Annotator "TA"]
[PlyCount "87"]
[EventDate "2020.12.26"]
[EventType "tourn"]
[EventCountry "NET"]
[SourceTitle "playchess.com"]
[Source "ChessBase"]
[SourceQuality "1"]

{[%evp 14,87,0,0,0,0,0,0,0,0,0,0,0,0,0,0,0,0,0,0,0,0,0,0,19,18,219,60,56,73,55,61,88,76,218,208,193,200,242,159,283,247,431,414,374,0,638,635,627,630,608,610,5670,4356,29956,29963,29960,29964,29960,29961,29968,29969,29960,29952,29970,29974,29974,29975,29974,29971,29979,29980,29988,29981,29995,29996]} 1. d4 Nf6 2. c4 e6 3. Nf3 d5 4. g3 dxc4 5. Bg2 c6 6. O-O b5 7. Ne5 Bb7 8. Nc3 a6 {E04: Open Catalan: 5 Nf3.} 9. b3 {9.b3 is better than 9.a4.} cxb3 10. axb3 Be7 {The position is equal.} 11. Bb2 O-O 12. Ne4 Nxe4 13. Bxe4 a5 14. Qc2 h6 {[#]} 15. Rfc1 $146 ({Predecessor:} 15. Rfd1 Bb4 16. Rdc1 Bd6 17. Qc3 Qc7 18. Nd3 b4 19. Qd2 Nd7 20. Qe3 Be7 21. h4 {½-½ (50) Ingersol,H (2427)-Quinones Borda,J (2204) ICCF email 2015}) 15... Bf6 16. Ng4 Bg5 (16... Bxd4 $2 17. Rd1 $18) 17. f4 f5 {Hoping for ...Be7.} 18. d5 fxe4 19. dxe6 Bf6 (19... Qb6+ $6 20. e3 $16) (19... h5 $11) 20. Nxf6+ $2 (20. Bxf6 $1 $18 Rxf6 21. Qxe4 (21. Nxf6+ Qxf6 22. Qxe4 Na6 $14)) 20... gxf6 $14 21. Qxe4 Qe7 22. f5 Na6 {Black is on the road to losing.} 23. Rxa5 h5 (23... Qg7 $16 {was necessary.}) 24. Qf3 $18 {[%mdl 1024] White has strong compensation.} Qh7 25. Rd1 $1 {[%cal Rd1d7]} Rad8 26. Raa1 {Rxd8 is the strong threat.} Qh6 (26... Rxd1+ $16 27. Rxd1 Bc8 28. Qxc6 Qc7) 27. Kf2 {Strongly threatening e7.} Rd5 $2 (27... Qg7 {was worth a try.} 28. Qxh5 Rd5) 28. Rxd5 cxd5 {[#]} 29. Ra5 $2 ({White has to play} 29. Rxa6 $1 $18 {[%mdl 512]} Bxa6 30. Qxd5) 29... d4 $2 {[%mdl 8192]} 30. Qxb7 {[%mdl 64] Double Attack} Qe3+ 31. Kf1 d3 32. Qf3 ({Not} 32. Rxa6 $2 Qxe2+ 33. Kg1 d2 $19) (32. Qxa6 {leads to mate.} dxe2+ 33. Ke1 Rd8 34. Qd6 Rxd6 35. Bd4 Rxd4 36. Ra8+ Kh7 37. Ra7+ Kh6 38. Rd7 Qd2+ 39. Kf2 e1=Q+ 40. Kf3 Qh1#) 32... Qd2 33. Rxa6 Qxb2 34. Qxd3 {[%mdl 4096] Endgame KQR-KQR. White mates.} Rc8 35. e7 Re8 36. Re6 Kf7 37. Qf3 Qc1+ 38. Kg2 Qh6 39. Qd5 Kg7 40. Qxb5 Kf7 41. Qc4 Rxe7 42. Re4+ Ke8 43. Qg8+ Kd7 44. Rd4+ {Weighted Error Value: White=0.28/Black=0.63} 1-0

[Event "Airthings Masters Preliminary"]
[Site "Online"]
[Date "2020.12.23"]
[Round "5.1"]
[White "Anton Guijarro, David"]
[Black "Vachier-Lagrave, Maxime"]
[Result "1/2-1/2"]
[WhiteElo "2675"]
[BlackElo "2784"]
[Annotator "TA"]
[PlyCount "167"]
[EventDate "2020.12.26"]
[EventType "tourn"]
[EventCountry "NET"]
[SourceTitle "playchess.com"]
[Source "ChessBase"]
[SourceQuality "1"]

{[%evp 9,167,21,29,16,24,16,23,12,18,27,8,12,6,15,37,25,74,81,91,62,97,92,93,55,60,54,66,55,51,46,68,28,84,78,83,82,72,72,81,44,80,68,90,80,108,106,106,99,107,74,74,74,74,74,74,74,80,74,74,74,74,38,74,74,74,74,74,74,74,74,74,74,74,74,74,67,67,67,74,67,74,74,74,74,74,74,74,74,74,74,74,74,74,74,74,74,74,74,74,74,74,58,58,58,58,53,58,53,53,53,53,53,53,53,53,53,53,53,53,53,53,53,53,53,53,53,53,53,53,53,53,41,41,41,41,41,41,20,20,0,0,0,0,0,14,14,14,14,14,14,14,14,14,14,14,0,14,0,14,0]} 1. e4 c5 2. Nf3 d6 3. Bb5+ Nd7 4. c3 Ngf6 5. Bd3 g6 6. O-O {B51: Sicilian: Moscow Variation (3 Bb5+) without 3...Bd7.} Bg7 7. Re1 O-O 8. Bf1 {White has an edge.} e5 9. d4 exd4 10. cxd4 cxd4 11. Nxd4 Nc5 12. Nc3 Re8 {[%cal Rc5e4] [#]} 13. f3 $146 ({Predecessor:} 13. Bg5 h6 14. Bxf6 Bxf6 15. Ndb5 Be5 16. Nd5 Ne6 17. Rc1 Rf8 18. Qd2 g5 19. g3 {1-0 (31) Colandrea,S (1886)-Ninov,N (2546) Pierrevert 2007}) 13... a6 14. Bg5 h6 15. Bh4 b5 16. a3 Bb7 17. Rc1 Rc8 18. Bf2 Ncd7 19. Qd2 Ne5 20. Rcd1 Re7 (20... Qc7 $11 {remains equal.}) 21. Nc2 $16 Rd7 {White should prevent ...d5.} 22. Nb4 Nc4 23. Bxc4 Rxc4 24. Qe2 Qe8 25. Rd2 Qe6 26. Red1 Rc8 27. Bd4 Re8 28. Qf2 h5 29. Nbd5 (29. Rd3 {looks sharper.} Rc8 30. h3 Kh7 31. Qd2 Qe7 32. Qe3) 29... Nxd5 30. Bxg7 ({But not} 30. Nxd5 Bxd5 31. exd5 Qf5 $11) 30... Kxg7 31. Nxd5 Bxd5 32. Rxd5 Qf6 33. Qd4 Qxd4+ 34. R5xd4 {[%mdl 4096] Endgame KRR-KRR} Rc8 35. h4 Rc2 36. Rxd6 Rxd6 37. Rxd6 {Hoping for b4. KR-KR} a5 38. b3 Rc3 39. Ra6 Rxb3 40. Rxa5 b4 41. axb4 Rxb4 42. Kf2 Rb2+ 43. Kg3 Rc2 44. Ra1 Rb2 45. Rf1 Kf6 46. Rf2 Rb1 {[#]} 47. Kf4 $1 Ra1 48. Rb2 Ra6 49. Rb5 Ra2 50. Rb6+ Kg7 51. g3 Rf2 52. Rb7 Rf1 53. Re7 Kf6 54. Ra7 (54. Rc7 {feels hotter.} Ke6 55. Rc5 Rb1 56. Rd5 Kf6 57. Rd3) 54... Kg7 55. e5 Re1 56. Ra4 Rb1 57. Re4 Rb3 58. e6 fxe6 59. Rxe6 Rb4+ 60. Re4 Rb3 61. Rd4 (61. Re8 {is more complex.} Rb4+ 62. Ke3 Rb3+ 63. Kf2 Kf6 64. Re2) 61... Rb5 62. Ke4 Kf6 63. Rd6+ Kg7 64. Rd5 Rb3 65. Kf4 Kh6 66. Rd6 Rb4+ 67. Ke5 Rb3 68. Ke4 Rb4+ 69. Rd4 Rb7 70. f4 Re7+ 71. Kf3 Kg7 72. Rd5 Ra7 73. f5 gxf5 {The position is equal.} 74. Kf4 Ra4+ 75. Kxf5 Rg4 76. Rd7+ Kg8 77. Rd3 Kg7 78. Rc3 $1 Kg8 79. Kf6 Kh7 80. Re3 Rg6+ 81. Kf5 Rg4 82. Kf6 Rg6+ 83. Kf5 Rg4 84. Kf6 {Weighted Error Value: White=0.06/Black=0.06} 1/2-1/2

[Event "Airthings Masters Preliminary"]
[Site "Online"]
[Date "2020.12.23"]
[Round "5.2"]
[White "Carlsen, Magnus"]
[Black "Dubov, Daniil"]
[Result "1-0"]
[WhiteElo "2862"]
[BlackElo "2699"]
[Annotator "TA"]
[PlyCount "115"]
[EventDate "2020.12.26"]
[EventType "tourn"]
[EventCountry "NET"]
[SourceTitle "playchess.com"]
[Source "ChessBase"]
[SourceQuality "1"]

{[%evp 17,115,10,11,13,25,0,0,0,0,0,31,24,49,45,63,23,23,29,30,30,34,31,26,2,17,0,0,0,0,0,0,0,0,0,8,8,8,3,4,2,2,0,9,17,19,19,50,11,52,52,52,52,52,51,43,40,44,39,56,54,54,54,61,47,69,44,45,17,44,8,8,8,8,14,14,8,122,122,133,136,124,126,136,124,193,193,1202,1178,1341,949,1536,1387,1443,1416,1364,1194,1368,1610,5417,5401]} 1. e4 c5 2. Nf3 Nc6 3. Bb5 g6 4. O-O Bg7 5. Bxc6 bxc6 6. Re1 Nh6 7. c3 O-O 8. d4 cxd4 9. cxd4 d5 10. e5 {B31: Sicilian: 2...Nc6 3 Bb5 g6.} f6 11. h3 {Recently 11.e6 got a lot of attention.} fxe5 12. dxe5 $5 {[%mdl 4] [#] The position is equal. An interesting side line.} c5 $146 ({Predecessor:} 12... Nf7 13. Nc3 Be6 14. Na4 Bf5 15. Nc5 Qb6 16. Qd4 Nd6 17. Bg5 Nb5 18. Qe3 Rae8 {½-½ (51) Garifullina,L (2132)-Buksa,N (2410) St Petersburg 2018}) 13. b4 cxb4 14. a3 d4 15. axb4 Bb7 16. Nbd2 a5 17. Rxa5 Rxa5 18. bxa5 Qxa5 19. Nxd4 Nf5 20. N4f3 Qd5 21. Bb2 Bh6 22. e6 Rd8 {[%cal Rh6d2]} 23. Qe2 Qd3 24. Qxd3 Rxd3 25. Ne4 {Black should prevent Nc5.} Bxe4 26. Rxe4 Bg7 27. Be5 (27. Bxg7 {seems wilder.} Kxg7 28. Rf4 h6 29. Kh2 Rd5 30. h4) 27... Bxe5 28. Nxe5 $11 {[%mdl 4096] Endgame KRN-KRN} Rd1+ 29. Kh2 Kg7 30. g4 Nd6 31. Re3 g5 32. Kg2 h6 33. Nc6 Kf6 34. Rf3+ Kxe6 35. Re3+ Kf6 36. Nxe7 Nc4 37. Re4 (37. Re2 {looks sharper.} Rd3 38. Nc6 Rd6 39. Nb4 Ne5 40. Ra2) 37... Nd6 38. Re2 Rd3 39. Nc6 Nf7 40. Re3 Rd7 41. Ra3 Nh8 42. Nb8 Rb7 43. Ra6+ Kg7 $1 44. Nc6 {Threatening Nd4.} Ng6 45. Nd4 {White wants to play Nf5+.} Nh4+ 46. Kg3 Rb1 (46... Rb4 $1 $11 47. Nc2 Rc4 48. Ra7+ Kg8 49. Ra8+ Kg7) 47. f4 $16 {aiming for Ne6+.} Rg1+ 48. Kf2 Rg2+ 49. Kf1 {And now Nf5+ would win.} Rd2 50. Ne6+ Kf7 (50... Kh8 $16 {was necessary.} 51. f5 (51. fxg5 Nf3 $16) 51... Nf3) 51. fxg5 $18 Nf3 $2 (51... hxg5 52. Nxg5+ Kg7) 52. g6+ $1 {White is clearly winning.} ({Not} 52. gxh6 Nh2+ 53. Kg1 Nf3+ 54. Kf1 Nh2+ 55. Kg1 Nf3+ 56. Kf1 $11) 52... Ke7 {[#]} 53. Ra3 $1 {Black must now prevent g7.} Nh2+ (53... Rd1+ 54. Ke2) 54. Ke1 Rd6 55. Nf4 Kf6 56. Ke2 Rd7 57. Ra6+ Ke5 58. Nh5 {Weighted Error Value: White=0.06/Black=0.13} 1-0

[Event "Airthings Masters Preliminary"]
[Site "Online"]
[Date "2020.12.23"]
[Round "5.3"]
[White "Giri, Anish"]
[Black "Harikrishna, Pentala"]
[Result "1-0"]
[WhiteElo "2764"]
[BlackElo "2732"]
[Annotator "TA"]
[PlyCount "79"]
[EventDate "2020.12.26"]
[EventType "tourn"]
[EventCountry "NET"]
[SourceTitle "playchess.com"]
[Source "ChessBase"]
[SourceQuality "1"]

{[%evp 15,79,5,14,15,13,17,16,12,44,36,60,47,37,9,33,-16,0,-6,31,32,22,33,45,0,0,0,21,27,255,260,250,247,485,451,478,289,342,354,376,380,535,521,563,549,503,322,304,290,290,262,294,298,310,292,287,307,304,297,315,313,348,346,348,341,392,385]} 1. d4 d5 2. c4 c6 3. Nc3 Nf6 4. e3 e6 5. Nf3 Nbd7 6. Bd3 dxc4 7. Bxc4 b5 8. Bd3 Bd6 9. Qc2 {D47: Semi-Slav: Meran System.} Bb7 10. e4 {e5 is the strong threat.} e5 11. Bg5 {The position is equal.} Qc7 12. O-O-O {[#]} a6 $146 ({Predecessor:} 12... b4 13. Na4 O-O 14. dxe5 Nxe5 15. Bxf6 gxf6 16. Nxe5 fxe5 17. Nc5 Bc8 18. Kb1 Rb8 {1-0 (41) Di Benedetto,E (2324)-Alok,S (2187) Montebelluna 2018}) 13. Kb1 O-O-O 14. Rhf1 h6 15. Bh4 g5 {Threatens to win with ...exd4.} 16. Bg3 c5 (16... exd4 {keeps more tension.} 17. Nxd4 Bxg3 18. hxg3 Nc5 19. Nf5 Kb8) 17. dxe5 Nxe5 18. Bxb5 axb5 {[#]} 19. Rxd6 $1 Qxd6 20. Bxe5 Qe6 21. Ka1 Qc4 {A mistake that costs the game.} 22. Rc1 $18 Bxe4 {[#]} 23. b3 $1 {[%mdl 512]} Qb4 {[#]} (23... Bxc2 24. bxc4 g4) (23... g4 24. bxc4) 24. Qb2 $1 (24. Nxe4 Nxe4 25. Kb2 (25. Bxh8 Rxh8 26. Kb2 Re8 $14) 25... f5 $16) 24... Bxf3 25. Bxf6 Bxg2 26. Bxh8 Kb7 27. Be5 Bf3 (27... Bc6 $142 28. Qc2 c4 29. bxc4 Qxc4) 28. Qc2 Rd7 29. Qf5 Bc6 30. Nb1 Qe4 31. Qxe4 Bxe4 32. Nc3 ({Less strong is} 32. Rxc5 Rd1 $16) 32... Bd3 33. Bg7 h5 34. Bf6 g4 35. Re1 Kc6 36. Re7 Rxe7 37. Bxe7 f5 38. Kb2 f4 39. a3 Bf5 40. Ne2 {Weighted Error Value: White=0.18/Black=0.46} 1-0

[Event "Airthings Masters Preliminary"]
[Site "Online"]
[Date "2020.12.23"]
[Round "5.4"]
[White "Grischuk, Alexander"]
[Black "Radjabov, Teimour"]
[Result "1/2-1/2"]
[WhiteElo "2777"]
[BlackElo "2765"]
[Annotator "TA"]
[PlyCount "91"]
[EventDate "2020.12.26"]
[EventType "tourn"]
[EventCountry "NET"]
[SourceTitle "playchess.com"]
[Source "ChessBase"]
[SourceQuality "1"]

{[%evp 9,91,25,29,0,0,-17,13,-25,20,22,36,23,22,22,41,0,0,0,0,-41,0,0,56,17,35,4,5,5,5,7,0,0,0,0,0,0,0,0,0,0,0,4,8,0,0,-179,-169,-174,0,0,0,0,0,0,0,-4,-4,-6,0,-7,0,-6,-6,-6,0,0,0,-6,-6,-6,-6,-6,-6,-6,-6,-6,-6,-6,0,-6,0,-6,0,-6]} 1. d4 Nf6 2. c4 e6 3. Nf3 d5 4. Nc3 Be7 5. Bf4 O-O 6. a3 {D37: Queen's Gambit Declined: 5 Bf4.} b6 7. Qc2 $1 {[%mdl 4] is currently scoring better than 7.e3.} Bb7 8. Rd1 Nbd7 9. cxd5 exd5 10. e3 c5 11. Bd3 a6 12. a4 Re8 13. O-O g6 14. Ne5 Rc8 {[#]} 15. Qe2 $146 ({Predecessor:} 15. Be2 cxd4 16. exd4 Nf8 17. Bf3 Ne6 18. Be3 Bd6 19. Rfe1 Bf8 20. Qb3 Qd6 21. g3 {½-½ (41) Dreev,A (2670)-Razuvaev,Y (2585) Reggio Emilia 1996}) 15... c4 ({Black should try} 15... Nh5 $11 16. Bh6 (16. Bxa6 Bxa6 17. Qxa6 cxd4 $11) 16... cxd4 17. exd4 Nxe5 18. dxe5 Bg5 19. Bxg5 Qxg5) 16. Bb1 Nh5 17. Bh6 Nxe5 $1 18. dxe5 {White wants to play Be4!} Bc5 $1 19. f4 d4 $1 {[%cal Rd4d3] Hoping for ...d3.} 20. exd4 ({Don't go for} 20. Qxc4 $2 dxc3 21. Rxd8 Bxe3+ 22. Kh1 Rexd8 $19) 20... Bxd4+ 21. Kh1 {[#] aiming for Be4.} Qh4 $1 {[%csl Gh4][%cal Rh5g3]} 22. Qe1 {[%cal Re1h4]} Qxe1 23. Rfxe1 Rcd8 24. Bg5 f6 25. exf6 {[#] f7+! is the strong threat.} Nxf6 ({Don't play} 25... Bxf6 $6 26. Rxe8+ Rxe8 27. Ba2 $16) 26. Rxe8+ Rxe8 27. h3 $2 (27. Ba2 $11 {and White stays safe.}) 27... Bxc3 $19 28. bxc3 Ne4 ({Black should play} 28... Nd5 $19 {And now ...b5 would win.} 29. f5 Nxc3) 29. Bxe4 $11 {The position is equal.} Bxe4 {[%mdl 4096] Endgame KRB-KRB} 30. Rd6 b5 31. axb5 axb5 32. Rb6 Ra8 33. Re6 Bd5 (33... Bd3 {seems wilder.} 34. Rb6 Ra1+ 35. Kh2 Ra2 36. Rb8+ Kf7) 34. Rd6 Be4 35. Rd8+ Rxd8 36. Bxd8 {KB-KB} h5 37. Ba5 Kf7 38. Kg1 Ke6 39. Kf2 Kf5 40. g3 Bc6 41. Ke3 Bg2 42. h4 Ke6 43. Bb4 Kf5 44. Ba5 Ke6 45. Bb4 Kf5 46. Ba5 {Weighted Error Value: White=0.13/Black=0.11} 1/2-1/2

[Event "Airthings Masters Preliminary"]
[Site "Online"]
[Date "2020.12.23"]
[Round "5.5"]
[White "Nakamura, Hikaru"]
[Black "So, Wesley"]
[Result "1/2-1/2"]
[WhiteElo "2736"]
[BlackElo "2770"]
[Annotator "TA"]
[PlyCount "47"]
[EventDate "2020.12.26"]
[EventType "tourn"]
[EventCountry "NET"]
[SourceTitle "playchess.com"]
[Source "ChessBase"]
[SourceQuality "1"]

{[%evp 27,28,0,19]} 1. e4 e5 2. Nf3 Nc6 3. Bb5 Nf6 4. O-O Nxe4 5. d4 Nd6 6. dxe5 Nxb5 7. a4 Nbd4 8. Nxd4 Nxd4 9. Qxd4 d5 10. exd6 Qxd6 11. Qe4+ Qe6 12. Qd4 Qd6 13. Qe4+ Qe6 14. Qd4 Qd6 {[#]} {Predecessor:} 15. Qe3+ $146 {C67: Ruy Lopez: Berlin Defence: 4 0-0 Nxe4.} Be6 16. Nc3 Qc6 17. Nb5 Bc5 18. Qc3 O-O 19. Bf4 Rfc8 20. Nd4 Bxd4 21. Qxd4 Rd8 22. Qb4 a5 23. Qb5 Qxb5 24. axb5 {½-½ (32) Wei,Y (2732)-Grischuk,A (2777) Chess.com INT 2020} 1/2-1/2